Journal of Urban Regeneration and Renewal (Record no. 119154)

MARC details
000 -LEADER
fixed length control field 00495cas a22001815a 4500
001 - CONTROL NUMBER
control field L141326
008 - FIXED-LENGTH DATA ELEMENTS--GENERAL INFORMATION
fixed length control field 071115c2007 xxkqr p 0 a0eng u
022 1# - INTERNATIONAL STANDARD SERIAL NUMBER
International Standard Serial Number 1752-9638
035 ## - SYSTEM CONTROL NUMBER
System control number (Sirsi) u141326
041 0# - LANGUAGE CODE
Language code of text/sound track or separate title eng
245 00 - TITLE STATEMENT
Title Journal of Urban Regeneration and Renewal
260 ## - PUBLICATION, DISTRIBUTION, ETC.
Place of publication, distribution, etc. London
Name of publisher, distributor, etc. Henry Stewart Publications
Date of publication, distribution, etc. 2007-
362 0# - DATES OF PUBLICATION AND/OR SEQUENTIAL DESIGNATION
Dates of publication and/or sequential designation 1(1) June 2007-
554 ## -
-- Four per year
651 #4 - SUBJECT ADDED ENTRY--GEOGRAPHIC NAME
Geographic name United Kingdom
Chronological subdivision
690 ## - LOCAL SUBJECT ADDED ENTRY--TOPICAL TERM (OCLC, RLIN)
Topical term or geographic name as entry element PROPERTY-PROPERTY MANAGEMENT-REGENERATION
942 ## - ADDED ENTRY ELEMENTS (KOHA)
Suppress in OPAC 0
Holdings
Withdrawn status Lost status Source of classification or shelving scheme Damaged status Not for loan Home library Current library Shelving location Date acquired Total Checkouts Full call number Barcode Date last seen Price effective from Koha item type
    Dewey Decimal Classification     London London Basement 07/12/2007   JOURNAL OF URBAN REGENERATION AND RENEWA 141326-1001 06/08/2019 06/08/2019 Journal